Capitales de la France d'Outre Mer - Statistiques

Statistiques générales
  • Ce quiz a été pris 572 fois
    515 depuis la dernière actualisation
  • Le résultat moyen est 7 sur 12
Statistiques - réponses
Région Capitale % Correct
La Réunion Saint-Denis
89%
Guyane Cayenne
81%
Martinique Fort-de-France
78%
Guadeloupe Basse-Terre
75%
Mayotte Mamoudzou/Dzaoudzi
70%
Nouvelle-Calédonie Nouméa
63%
Saint-Pierre-et-Miquelon Saint-Pierre
59%
Terres Australes et Antarctiques Françaises Saint-Pierre
59%
Polynésie Française Papeete
53%
Saint-Martin Marigot
33%
Saint-Barthélemy Gustavia
32%
Wallis-et-Futuna Mata-Utu
31%
Aucun quiz correspondant
Distribution des résultats
% des personnes avec chaque résultat
Percentile par nombre de réponses
Votre historique - résultats
Vous n’avez pas pris ce quiz depuis la dernière actualisation